000 01057nam2a22002291 4500
001 v19\rc\2074712
005 20250620042823.0
035 _a(NLR Aleph) 005171780
090 _a5075325
_c5075325
100 _a20081218d1917 |||y0rusy50 ca
101 0 _arus
102 _aRU
105 _ay z |||||
200 1 _aВеликая французская революция
210 _d1917
_aБ. м.
461 0 _1001v19\rc\2074710
_12001#$aИздание отдела войсковой кооперации$fК.Ю.-З.Ф.В.З.С.$gПод ред. Культ.-кооп. бюро, Испол. ком. депутатов армии Юго-Зап. фронта. № 6-$v№ 12
_95075312
_aВсероссийский земский союз. Комитет Юго-Западного фронта
_cКиев
_d1917
_fК.Ю.-З.Ф.В.З.С.
_tИздание отдела войсковой кооперации
_v№ 12
700 1 _aБакс
_bБ.
801 0 _aRU
_bNLR
_gpsbo
801 1 _aRU
_bProSoft-M
_2rusmarc
852 _aNLR
_j119/76
942 _cBOOK
980 _aNB